Mentálne účtovníctvo rozdeľovanie peňazí môže mať aj pozitívne účinky - treba ich však regulovať
Kritéria zaradenia sumy peňazí do určitého mentálneho účtu. Klasifikácia objektov a ich zaraďovanie do mentálnych účtov. Kategorizácia prostriedkov a framing. Behaviorálna teória životného cyklu (BLC). Finančné ciele a zoraďovanie účtov podľa dôležitosti. Rozdielne pravidlá pre rozdielne účty.
Saved in:
| Main Author: | |
|---|---|
| Format: | Book Chapter |
| Language: | Slovak |
| Subjects: | |
| Tags: |
No Tags, Be the first to tag this record!
|
MARC
| LEADER | 00000naa$a2200000$$$4500 | ||
|---|---|---|---|
| 001 | 0107932 | ||
| 005 | 20231019090627.4 | ||
| 041 | 0 | |a slo | |
| 044 | |a SK | ||
| 245 | 1 | 0 | |a Mentálne účtovníctvo |b rozdeľovanie peňazí môže mať aj pozitívne účinky - treba ich však regulovať |c Vladimír Baláž |
| 520 | |a Kritéria zaradenia sumy peňazí do určitého mentálneho účtu. Klasifikácia objektov a ich zaraďovanie do mentálnych účtov. Kategorizácia prostriedkov a framing. Behaviorálna teória životného cyklu (BLC). Finančné ciele a zoraďovanie účtov podľa dôležitosti. Rozdielne pravidlá pre rozdielne účty. | ||
| 610 | 2 | 0 | |a účty rodinné |
| 610 | 2 | 0 | |a úspory obyvateľstva |
| 610 | 2 | 0 | |a výdavky obyvateľstva |
| 610 | 2 | 0 | |a zárobky |
| 610 | 2 | 0 | |a financie osobné |
| 610 | 2 | 0 | |a ciele finančné |
| 610 | 2 | 0 | |a účtovníctvo |
| 610 | 2 | 0 | |a domácnosti |
| 610 | 2 | 0 | |a psychológia ekonomická |
| 100 | 1 | |a Baláž, Vladimír | |